000 00610nam a22001817a 4500
005 20251108173704.0
008 250721s2006 xx 000 0 ara d
082 1 4 _a342.088/شلا
100 1 _aشلالا، نزيه نعيم
245 1 0 _aدعاوى الأفعال و الجرائم المنافية للحشمة و الحياء و الآداب /
264 1 _aلبنان :
_bمنشورات الحلبي الحقوقية،
_c2006.
300 _a197ص.
650 1 7 _aالجريمه
650 1 7 _aالمشاكل الاجتماعيه
650 1 7 _aالقانون
942 _2ddc
_cBK
999 _c110000
_d110000